000
00298nam a22001337a 4500
003
SGT
082
_a
616.5
_b
I17M
100
_a
MAHAYAN, PRADEEP
245
_a
I A D V L COLOR ATLAS OF DERMATOLOGY
260
_a
INDIA
_b
JAYPEE
_c
2017
300
_a
448
650
_a
DERMATOLOGY
942
_2
ddc
_c
BK
999
_c
14610
_d
14610